000 00772nam a2200253Ia 4500
003 OSt
005 20220928125610.0
006 a|||||r|||| 00| 0
007 ta
008 220927b |||||||| |||| 00| 0 eng d
020 _c2956.6107000000002
024 _a113203
037 _b148, 01/11/2011, Pioneer Book Distributors
_cTextual
040 _aSDCL
_cSDCL
_beng
041 _2eng
_aeng
082 _aX:328, Q1
100 _aKariv Dafna
_9459736
245 0 _aEntrepreneurship
_b An international introduction.
260 _aLondon
_bRoutledge
_c2011
300 _axviii,315p
_ccm.
650 _aBusiness Economics
_9391653
942 _hX:328, Q1
_cTEXL
_2CC
999 _c783186
_d783186